Statistiche per Riconosci il Calciatore - Quiz n°6

Clicka qui per fare il quiz!

Statistiche generali

  • Questo quiz è stato fatto 37 volte
  • Il punteggio medio è 20 su 24

Statistiche sulle risposte

IndizioRisposta% Corretto
NazionalitàBrasile/Italia
100%
RuoloAttaccante
97%
Squadra di club 1Criciúma 2005-2006
93%
Data di nascita15/11/1986
90%
Squadra di club 11Criciúma 2023-
90%
Squadra di club 5Brescia 2010-2011
87%
Squadra di club 4Empoli 2009-2010
87%
Squadra di club 8Inter 2016-2018
87%
Squadra di club 9Jiangsu Suning 2018-2021
87%
Squadra di club 7Sampdoria 2012-2016
87%
Squadra di club 10San Paolo 2021-2023
87%
Presenze in nazionale26
83%
Squadra di club 6Cesena 2011-2012
83%
Squadra di club 2Empoli 2006-2008
83%
Squadra di club 3Frosinone 2008-2009
83%
Gol nei club176
80%
Gol in nazionale6
80%
Trofei per clubCampionato Paulista: 1
San Paolo: 2021
Campionato Catarinense: 1
Criciuma: 2023
Campionato cinese: 1
Jiangsu Suning: 2020
80%
Trofei per nazionali0
77%
Altezza78 cm
77%
Trofei individualiCapocannoniere della Serie B: 1
2009-2010 (27 gol)
77%
Presenze nei club571
73%
Peso77 kg
73%
CalciatoreÉder
70%

Distribuzione punteggi

Percentile per numero di risposta

Percentuale di utenti per punteggio

I tuoi punteggi nel tempo

Non hai fatto questo quiz